Statistics for Antonyms Quiz #2

Click here to take the quiz!

General Stats

  • This quiz has been taken 66,475 times
    (53,311 since last reset)
  • The average score is 22 of 27

Answer Stats

Word Antonym % Correct
FriendEnemy
99%
PositiveNegative
99%
PublicPrivate
98%
MajorityMinority
98%
JuniorSenior
98%
HorizontalVertical
97%
SuccessFailure
95%
IncludeExclude
94%
HerbivoreCarnivore
94%
AbsentPresent
93%
SuperiorInferior
90%
AmateurProfessional
90%
TemporaryPermanent
89%
InsultCompliment
89%
VowelConsonant
87%
SubjectiveObjective
86%
ConvexConcave
84%
PolygamyMonogamy
84%
PrologueEpilogue
77%
PerpendicularParallel
72%
FraternitySorority
69%
AncientModern
68%
CurseBless
66%
UtopiaDystopia
55%
StalagmiteStalactite
53%
LaityClergy
22%
VassalLord
20%

Score Distribution

Percentile by Number Answered

Percent of People with Each Score

Your Score History

You have not taken this quiz since the last reset